000
00319nam a22001337a 4500
008
250424b |||||||| |||| 00| 0 eng d
020
_a
0761972056
050
_a
PE 1471
_b
.R43
100
_a
Reelman Peter
245
_a
Good Essay Writing
250
_a
2nd
260
_a
London
_b
SAGE Publications Inc
_c
2001
942
_c
BK
999
_c
3166
_d
3166